[Event "25. Open Pula 2011"]
[Site "Pula CRO"]
[Date "2011.06.22"]
[Round "6.16"]
[White "Bodiroga, Predrag"]
[Black "Medic, Mirjana"]
[Result "1/2-1/2"]
[WhiteElo "2384"]
[BlackElo "2230"]
[PlyCount "90"]
[EventDate "2011.06.18"]
[EventType "swiss"]
[EventRounds "9"]
[EventCountry "CRO"]
[Source "lmi"]
[SourceDate "2011.06.18"]

1. Nf3 d5 2. d4 c6 3. c4 e6 4. Qc2 Nf6 5. e3 Bd6 6. Bd3 Nbd7 7. Nbd2 O-O 8. e4
dxe4 9. Nxe4 Nxe4 10. Bxe4 h6 11. Be3 Nf6 12. Bd3 Qc7 13. c5 Be7 14. O-O Nd5
15. Bd2 Bf6 16. Rfe1 Rd8 17. Bc4 b6 18. b4 a5 19. a3 axb4 20. axb4 Rxa1 21.
Rxa1 b5 22. Bb3 e5 23. dxe5 Bxe5 24. Re1 Bf6 25. Bxd5 cxd5 26. Bc3 Qf4 27. Bxf6
Qxf6 28. Qd3 d4 29. h3 Bf5 30. Qxb5 d3 31. Re8+ Kh7 32. Rxd8 Qxd8 33. c6 g6 34.
Qa5 Qd6 35. b5 Qc5 36. Nd2 Be6 37. h4 Bf5 38. Nf1 Be6 39. Nd2 Bf5 40. Qa2 Qc1+
41. Kh2 Be6 42. Qa5 Qc5 43. Kg1 Bf5 44. Nf3 Qc1+ 45. Kh2 Qf4+ 1/2-1/2

[Event "25. Open Pula 2011"]
[Site "Pula CRO"]
[Date "2011.06.22"]
[Round "6.17"]
[White "Biti, Ozren"]
[Black "Babic, Zvonko"]
[Result "1-0"]
[WhiteElo "2378"]
[BlackElo "2124"]
[PlyCount "47"]
[EventDate "2011.06.18"]
[EventType "swiss"]
[EventRounds "9"]
[EventCountry "CRO"]
[Source "lmi"]
[SourceDate "2011.06.18"]

1. e4 c5 2. Nc3 d6 3. f4 g6 4. Nf3 Bg7 5. Bb5+ Bd7 6. Bc4 Nc6 7. O-O e6 8. f5
exf5 9. d3 Ne5 10. Bb3 Ne7 11. Qe1 N7c6 12. exf5 Bxf5 13. Bg5 f6 14. Bh4 Qd7
15. Nd5 g5 16. Nxe5 Nxe5 17. Bg3 Be6 18. Nxf6+ Bxf6 19. Rxf6 Bxb3 20. axb3 Qe7
21. Rxd6 O-O 22. Qxe5 Qxe5 23. Bxe5 Rae8 24. Re1 1-0

[Event "25. Open Pula 2011"]
[Site "Pula CRO"]
[Date "2011.06.22"]
[Round "6.18"]
[White "Rabus, Berthold"]
[Black "Tjomsland, Stig"]
[Result "1/2-1/2"]
[WhiteElo "2198"]
[BlackElo "2378"]
[PlyCount "103"]
[EventDate "2011.06.18"]
[EventType "swiss"]
[EventRounds "9"]
[EventCountry "CRO"]
[Source "lmi"]
[SourceDate "2011.06.18"]

1. d4 d5 2. Nf3 Nf6 3. g3 e6 4. Bg2 Be7 5. O-O O-O 6. c4 dxc4 7. Qc2 a6 8. Qxc4
b5 9. Qc2 Bb7 10. Bd2 Bd6 11. a3 Be4 12. Qc1 Nc6 13. e3 Rb8 14. Ne1 Bxg2 15.
Kxg2 Qd7 16. Nd3 e5 17. dxe5 Nxe5 18. Nxe5 Bxe5 19. Bc3 Qd5+ 20. f3 Rbd8 21. e4
Qe6 22. Bxe5 Qxe5 23. Nc3 c5 24. Qc2 Rd4 25. Rad1 h5 26. Ne2 Rdd8 27. Rd2 b4
28. Rfd1 Rxd2 29. Rxd2 bxa3 30. bxa3 Rb8 31. Qc4 Rb2 32. Rxb2 Qxb2 33. Qxa6 Nd7
34. Kf1 Qa1+ 35. Kg2 Qa2 36. Kf1 c4 37. a4 Kh7 38. Qb5 Qa1+ 39. Kg2 Ne5 40. f4
Qe1 41. Qxe5 Qxe2+ 42. Kg1 g6 43. Qd5 Kg7 44. Qe5+ Kh7 45. Qd5 h4 46. Qxf7+ Kh6
47. Qd5 Qe3+ 48. Kg2 c3 49. Qg5+ Kh7 50. Qe7+ Kg8 51. Qe8+ Kg7 52. Qe7+ 1/2-1/2

[Event "25. Open Pula 2011"]
[Site "Pula CRO"]
[Date "2011.06.22"]
[Round "6.19"]
[White "Feletar, Darko"]
[Black "Gazvoda, Franc"]
[Result "1-0"]
[WhiteElo "2377"]
[BlackElo "2064"]
[PlyCount "85"]
[EventDate "2011.06.18"]
[EventType "swiss"]
[EventRounds "9"]
[EventCountry "CRO"]
[Source "lmi"]
[SourceDate "2011.06.18"]

1. c4 e6 2. d4 d5 3. Nf3 Nf6 4. Nc3 dxc4 5. e4 a6 6. Bxc4 b5 7. Bd3 Bb7 8. Qe2
Be7 9. a3 c5 10. dxc5 Bxc5 11. Bxb5+ Nbd7 12. Bd3 O-O 13. O-O Qe7 14. Be3 Bxe3
15. Qxe3 Rfd8 16. Rfd1 Nc5 17. Bc2 Rac8 18. Rac1 e5 19. h3 h6 20. Nh4 g6 21.
Nf3 Kg7 22. Rxd8 Rxd8 23. b4 Ne6 24. Nxe5 Nd4 25. f4 Nxc2 26. Rxc2 Rc8 27. Rd2
a5 28. Qd4 axb4 29. axb4 Rxc3 30. Qxc3 Nxe4 31. Nc6+ Nxc3 32. Nxe7 Kf6 33. Nc6
Ne4 34. Rc2 Kf5 35. Ne5 f6 36. Nd3 h5 37. Nc5 Nxc5 38. Rxc5+ Ke6 39. Kf2 Kd6
40. g3 Be4 41. Ke3 Bg2 42. h4 Bb7 43. Kd4 1-0

[Event "25. Open Pula 2011"]
[Site "Pula CRO"]
[Date "2011.06.22"]
[Round "6.20"]
[White "Wertjanz, David"]
[Black "Somborski, Nebojsa"]
[Result "1/2-1/2"]
[WhiteElo "2197"]
[BlackElo "2376"]
[PlyCount "83"]
[EventDate "2011.06.18"]
[EventType "swiss"]
[EventRounds "9"]
[EventCountry "CRO"]
[Source "lmi"]
[SourceDate "2011.06.18"]

1. e4 e5 2. Nf3 Nc6 3. Bb5 a6 4. Ba4 Nf6 5. O-O Be7 6. Re1 b5 7. Bb3 d6 8. c3
O-O 9. d4 Bg4 10. Be3 exd4 11. cxd4 Na5 12. Bc2 Nc4 13. Bc1 c5 14. b3 Nb6 15.
Nbd2 Rc8 16. h3 Bh5 17. Bb2 Nfd7 18. a4 cxd4 19. a5 d3 20. Bxd3 Nc5 21. Bc2
Nbd7 22. g4 Bg6 23. Nd4 Bg5 24. b4 Na4 25. Bxa4 bxa4 26. N2f3 Bf4 27. Qxa4 Ne5
28. Nxe5 dxe5 29. Nf3 h5 30. Rad1 Qf6 31. Qb3 hxg4 32. hxg4 Bh7 33. g5 Bxg5 34.
Bxe5 Qg6 35. Nxg5 Qxg5+ 36. Qg3 Qxg3+ 37. Bxg3 Rfe8 38. e5 Bf5 39. Rd6 Re6 40.
Red1 Kh7 41. Rxe6 Bxe6 42. Kh2 1/2-1/2

[Event "25. Open Pula 2011"]
[Site "Pula CRO"]
[Date "2011.06.22"]
[Round "6.21"]
[White "Bozinovic, Bogdan"]
[Black "Genocchio, Daniele"]
[Result "0-1"]
[WhiteElo "2223"]
[BlackElo "2431"]
[PlyCount "68"]
[EventDate "2011.06.18"]
[EventType "swiss"]
[EventRounds "9"]
[EventCountry "CRO"]
[Source "lmi"]
[SourceDate "2011.06.18"]

1. d4 d6 2. e4 g6 3. Be3 Bg7 4. c3 Nf6 5. Bd3 O-O 6. Ne2 e5 7. f3 Nc6 8. d5 Ne7
9. Qd2 c6 10. c4 Nh5 11. Nbc3 f5 12. O-O-O cxd5 13. cxd5 Kh8 14. Kb1 Nf6 15. h3
a6 16. g4 Bd7 17. Rc1 Rc8 18. Nd1 Rxc1+ 19. Nxc1 a5 20. Qc3 b5 21. Nb3 a4 22.
Nc1 Qb8 23. Qb4 Rc8 24. Nc3 a3 25. Rh2 axb2 26. Rxb2 Rxc3 27. Qxc3 Nfxd5 28.
exd5 Nxd5 29. Qd2 e4 30. fxe4 fxe4 31. Be2 Nxe3 32. Qxe3 d5 33. Rb4 Qe5 34. Nb3
Qb2# 0-1

[Event "25. Open Pula 2011"]
[Site "Pula CRO"]
[Date "2011.06.22"]
[Round "6.22"]
[White "Valli, Frans"]
[Black "Franic, Milan"]
[Result "1/2-1/2"]
[WhiteElo "2223"]
[BlackElo "2381"]
[PlyCount "143"]
[EventDate "2011.06.18"]
[EventType "swiss"]
[EventRounds "9"]
[EventCountry "CRO"]
[Source "lmi"]
[SourceDate "2011.06.18"]

1. e4 c6 2. d4 d5 3. Nc3 g6 4. h3 Bg7 5. Nf3 Nh6 6. Bd3 O-O 7. O-O f6 8. exd5
cxd5 9. Ne2 Nc6 10. c4 Nb4 11. Nf4 Nxd3 12. Qxd3 Bf5 13. Qb3 dxc4 14. Qxb7 e5
15. dxe5 fxe5 16. Nd5 Rf7 17. Qb5 Rb8 18. Qxc4 Be6 19. Bxh6 Bxh6 20. Rad1 Rd7
21. Nxe5 Rxd5 22. Nc6 Qd6 23. Rxd5 Bxd5 24. Qxd5+ Qxd5 25. Ne7+ Kf7 26. Nxd5
Rxb2 27. Re1 Bf8 28. a4 Bc5 29. Ne3 Ra2 30. Rc1 Bd6 31. Rc4 Ra1+ 32. Nf1 a5 33.
g3 Bb4 34. Rc7+ Be7 35. Rc4 Bb4 36. Rc7+ Kg8 37. Kg2 Rxa4 38. Ne3 Bd6 39. Rd7
Rd4 40. Nc4 Rxc4 41. Rxd6 a4 42. Rd7 a3 43. Ra7 Rc3 44. f4 h5 45. g4 h4 46.
Ra8+ Kf7 47. Ra7+ Kf8 48. Ra6 Rg3+ 49. Kh2 Rb3 50. Kg2 Kf7 51. Ra7+ Ke6 52. Rg7
Kd5 53. Rxg6 Ke4 54. Re6+ Kxf4 55. Rf6+ Ke4 56. Re6+ Kd4 57. Ra6 Rg3+ 58. Kh2
Kc4 59. g5 Kb3 60. g6 a2 61. Rb6+ Kc2 62. Ra6 Kb1 63. Rb6+ Ka1 64. Ra6 Rg5 65.
Rb6 Rg3 66. Ra6 Rb3 67. g7 Rg3 68. Ra7 Kb1 69. Rb7+ Kc2 70. Ra7 Kb3 71. Rb7+
Kc3 72. Ra7 1/2-1/2

[Event "25. Open Pula 2011"]
[Site "Pula CRO"]
[Date "2011.06.22"]
[Round "6.24"]
[White "Frindt, Kornel"]
[Black "Szamoskozi, Gabor"]
[Result "1-0"]
[WhiteElo "2208"]
[BlackElo "2355"]
[PlyCount "109"]
[EventDate "2011.06.18"]
[EventType "swiss"]
[EventRounds "9"]
[EventCountry "CRO"]
[Source "lmi"]
[SourceDate "2011.06.18"]

1. e4 c5 2. Nf3 Nc6 3. d4 cxd4 4. Nxd4 Nf6 5. Nc3 e5 6. Ndb5 d6 7. Bg5 a6 8.
Na3 b5 9. Nd5 Be7 10. Bxf6 Bxf6 11. c3 Bg5 12. Nc2 O-O 13. h4 Bh6 14. g3 Ne7
15. Nxe7+ Qxe7 16. Bg2 Be6 17. Nb4 Kh8 18. O-O g6 19. h5 a5 20. Nd5 Qd8 21. a3
Rb8 22. Bf3 f5 23. hxg6 hxg6 24. Kg2 Kg7 25. Rh1 Bg5 26. Rh2 Qd7 27. Qd3 Rh8
28. Rah1 Rxh2+ 29. Rxh2 Rf8 30. Rh1 fxe4 31. Bxe4 Bxd5 32. Qxd5 Qa7 33. f4 Bf6
34. f5 g5 35. Qxb5 Rb8 36. Qe2 Qf7 37. c4 Rh8 38. Rxh8 Kxh8 39. b4 axb4 40.
axb4 Kg7 41. b5 Bd8 42. Qd3 Qe7 43. Qf3 Bb6 44. Qh5 Qf6 45. Kf3 Kf8 46. Kg4 Be3
47. Qh7 Qg7 48. Qxg7+ Kxg7 49. Kf3 Bb6 50. Bd3 d5 51. cxd5 Bc5 52. d6 e4+ 53.
Kxe4 Bxd6 54. g4 Kf6 55. Kd5 1-0

[Event "25. Open Pula 2011"]
[Site "Pula CRO"]
[Date "2011.06.22"]
[Round "6.27"]
[White "Andersen, Lars Even"]
[Black "Lindgren, Fredrik"]
[Result "1-0"]
[WhiteElo "2288"]
[BlackElo "2195"]
[PlyCount "107"]
[EventDate "2011.06.18"]
[EventType "swiss"]
[EventRounds "9"]
[EventCountry "CRO"]
[Source "lmi"]
[SourceDate "2011.06.18"]

1. Nf3 Nf6 2. c4 e6 3. Nc3 d5 4. d4 Bb4 5. Qa4+ Nc6 6. Ne5 Bd7 7. Nxd7 Qxd7 8.
a3 Be7 9. e3 O-O 10. Be2 a6 11. O-O Rfd8 12. Qc2 Bf8 13. b3 Rac8 14. Bb2 g6 15.
Rad1 Bg7 16. Rfe1 Qe8 17. Rd2 Qf8 18. Bf3 Kh8 19. Red1 Kg8 20. h3 Kh8 21. Na4
Nb8 22. Nc5 b6 23. Na4 Kg8 24. Nc3 c6 25. e4 b5 26. e5 Ne8 27. cxd5 cxd5 28.
Qd3 Nc6 29. Na2 Qe7 30. Rc2 Qb7 31. Bc3 Bf8 32. Bb2 Qb6 33. Bc1 Nxd4 34. Rxc8
Nxf3+ 35. Qxf3 Rxc8 36. Nb4 a5 37. Nd3 Rc3 38. b4 axb4 39. axb4 Qc7 40. Be3 Qc4
41. Nc5 Qxb4 42. Nd7 Be7 43. Bd2 d4 44. Bxc3 dxc3 45. Nf6+ Nxf6 46. exf6 c2 47.
Rc1 Qb2 48. fxe7 Qxc1+ 49. Kh2 Qh1+ 50. Kg3 c1=Q 51. e8=Q+ Kg7 52. Qexf7+ Kh6
53. Qf8+ Kg5 54. Qg4# 1-0

[Event "25. Open Pula 2011"]
[Site "Pula CRO"]
[Date "2011.06.22"]
[Round "6.29"]
[White "Aschenbrenner, Robert"]
[Black "Kerpe, Andreas"]
[Result "1/2-1/2"]
[WhiteElo "2278"]
[BlackElo "2172"]
[PlyCount "37"]
[EventDate "2011.06.18"]
[EventType "swiss"]
[EventRounds "9"]
[EventCountry "CRO"]
[Source "lmi"]
[SourceDate "2011.06.18"]

1. d4 f5 2. g3 Nf6 3. Bg2 g6 4. c3 Bg7 5. Qb3 Na6 6. h4 e6 7. Nh3 c6 8. Nf4 Nd5
9. Bxd5 exd5 10. Nd2 Qf6 11. Nf3 d6 12. Bd2 Nc7 13. O-O-O b5 14. Rde1 h6 15.
Rhf1 Be6 16. Qa3 Bf7 17. Qa5 Qe7 18. Nd3 O-O 19. Bf4 1/2-1/2

[Event "25. Open Pula 2011"]
[Site "Pula CRO"]
[Date "2011.06.22"]
[Round "6.30"]
[White "Hagesaether, Halvard"]
[Black "Mestek, Igor"]
[Result "1/2-1/2"]
[WhiteElo "2276"]
[BlackElo "2160"]
[PlyCount "114"]
[EventDate "2011.06.18"]
[EventType "swiss"]
[EventRounds "9"]
[EventCountry "CRO"]
[Source "lmi"]
[SourceDate "2011.06.18"]

1. d4 d5 2. Nc3 Nf6 3. Bg5 g6 4. Qd2 c6 5. f3 b5 6. a3 Nbd7 7. e4 Nb6 8. b3 a5
9. e5 h6 10. Be3 Ng8 11. a4 b4 12. Nd1 h5 13. Nf2 Bf5 14. g4 hxg4 15. fxg4 Bd7
16. Ne2 Nh6 17. h3 Bg7 18. Nf4 e6 19. Bd3 c5 20. Nxg6 fxg6 21. Bxg6+ Nf7 22.
Bg5 Qc7 23. Bxf7+ Kxf7 24. O-O Kg8 25. Nd3 cxd4 26. Be7 Bxe5 27. Qg5+ Bg7 28.
Rf4 e5 29. Bf6 Rh7 30. Bxe5 Qxc2 31. Nf2 Qxb3 32. Kg2 Nxa4 33. Qg6 Rf8 34.
Rxf8+ Kxf8 35. Qxh7 Bxe5 36. Qxd7 Qg3+ 37. Kf1 Nc3 38. Rxa5 Ne4 39. Ra8+ Bb8
40. Qf5+ Kg7 41. Qd7+ Kf8 42. Nxe4 dxe4 43. Qxd4 Qxh3+ 44. Ke1 Qg3+ 45. Kd2 Kf7
46. Qd5+ Kg7 47. Qd7+ Kf8 48. Qc8+ Kf7 49. Rxb8 Qd3+ 50. Kc1 Qa3+ 51. Kd2 Qd3+
52. Ke1 Qe3+ 53. Kd1 Qd3+ 54. Kc1 Qa3+ 55. Kb1 Qb3+ 56. Ka1 Qa3+ 57. Kb1 Qb3+
1/2-1/2

[Event "25. Open Pula 2011"]
[Site "Pula CRO"]
[Date "2011.06.23"]
[Round "7.1"]
[White "Kovacevic, Aleksandar"]
[Black "Drazic, Sinisa"]
[Result "1/2-1/2"]
[WhiteElo "2575"]
[BlackElo "2486"]
[PlyCount "81"]
[EventDate "2011.06.18"]
[EventType "swiss"]
[EventRounds "9"]
[EventCountry "CRO"]
[Source "lmi"]
[SourceDate "2011.06.18"]

1. e4 e5 2. Nf3 Nc6 3. Bb5 Nf6 4. O-O Nxe4 5. Re1 Nd6 6. Nxe5 Be7 7. Bf1 Nxe5
8. Rxe5 O-O 9. d4 Bf6 10. Re1 Re8 11. c3 Rxe1 12. Qxe1 Nf5 13. Bf4 d6 14. Nd2
g5 15. Be3 d5 16. Bd3 h6 17. Nf3 Bg7 18. Bd2 Be6 19. Qe2 Nd6 20. Re1 Bf5 21.
Bxf5 Nxf5 22. Ne5 Nd6 23. Qh5 Qf6 24. h4 Ne4 25. Be3 gxh4 26. Nf3 c6 27. Nxh4
Nd6 28. Bc1 Re8 29. Rxe8+ Nxe8 30. Nf5 Kh7 31. Bf4 Qg6 32. Qh3 Nf6 33. f3 Ne8
34. Kh2 Bf8 35. Kh1 Qe6 36. Be5 Bg7 37. Bf4 Bf8 38. Be5 Bg7 39. Bf4 Bf8 40. Be5
Bg7 41. Bf4 1/2-1/2

[Event "25. Open Pula 2011"]
[Site "Pula CRO"]
[Date "2011.06.23"]
[Round "7.2"]
[White "Jovanovic, Zoran"]
[Black "Diermair, Andreas"]
[Result "1-0"]
[WhiteElo "2553"]
[BlackElo "2435"]
[PlyCount "87"]
[EventDate "2011.06.18"]
[EventType "swiss"]
[EventRounds "9"]
[EventCountry "CRO"]
[Source "lmi"]
[SourceDate "2011.06.18"]

1. e4 e5 2. Nf3 Nc6 3. Bc4 Bc5 4. c3 Nf6 5. d3 a6 6. Bb3 d6 7. O-O Ba7 8. Be3
O-O 9. Nbd2 h6 10. h3 Re8 11. Re1 Bxe3 12. fxe3 Na5 13. Bc2 c5 14. Qe2 d5 15.
exd5 Nxd5 16. Qf2 Nc6 17. Rad1 Be6 18. Nb3 b6 19. d4 exd4 20. exd4 c4 21. Nbd2
Nf6 22. Ne5 Nxe5 23. Rxe5 Qc7 24. Rde1 Rad8 25. Nf3 Bd5 26. Nh4 Rxe5 27. Rxe5
Be6 28. Nf5 Rd5 29. Nxh6+ Kf8 30. Rxd5 Nxd5 31. Nf5 b5 32. Qh4 Bxf5 33. Bxf5 g6
34. Be4 Nb6 35. Qf6 Kg8 36. Bf3 a5 37. Qc6 Qf4 38. Qxb5 Qc1+ 39. Kf2 Qd2+ 40.
Kg3 g5 41. Qe8+ Kg7 42. Qe2 Qc1 43. Qe5+ f6 44. Qe7+ 1-0

[Event "25. Open Pula 2011"]
[Site "Pula CRO"]
[Date "2011.06.23"]
[Round "7.4"]
[White "Antal, Gergely"]
[Black "Bellia, Fabrizio"]
[Result "1-0"]
[WhiteElo "2530"]
[BlackElo "2415"]
[PlyCount "85"]
[EventDate "2011.06.18"]
[EventType "swiss"]
[EventRounds "9"]
[EventCountry "CRO"]
[Source "lmi"]
[SourceDate "2011.06.18"]

1. e4 e5 2. Nf3 Nc6 3. Bc4 Bc5 4. b4 Bxb4 5. c3 Ba5 6. d4 exd4 7. Qb3 Qe7 8.
O-O Bb6 9. cxd4 Nxd4 10. Nxd4 Bxd4 11. Nc3 Nf6 12. Nb5 Bb6 13. Ba3 d6 14. e5
O-O 15. exf6 Qxf6 16. Rac1 Bf5 17. Bb2 Qh6 18. Bd3 Bxd3 19. Qxd3 c6 20. Nd4
Bxd4 21. Qxd4 Rfe8 22. Rc3 c5 23. Qd1 Qe6 24. Rg3 g6 25. Qc1 b5 26. Re3 Qc4 27.
Qd2 Rxe3 28. fxe3 Rd8 29. Ba1 Qe6 30. Qb2 Qe5 31. Qxb5 Qxe3+ 32. Kh1 d5 33. Qb7
Qe6 34. Qxa7 Rc8 35. a4 d4 36. Qb7 Rc6 37. Qb5 Qd6 38. a5 Kg7 39. h3 Rc8 40.
Qc4 Qe6 41. Rc1 Kg8 42. Qxe6 fxe6 43. Bxd4 1-0

[Event "25. Open Pula 2011"]
[Site "Pula CRO"]
[Date "2011.06.23"]
[Round "7.5"]
[White "Shengelia, Davit"]
[Black "Biti, Ozren"]
[Result "1-0"]
[WhiteElo "2511"]
[BlackElo "2378"]
[PlyCount "85"]
[EventDate "2011.06.18"]
[EventType "swiss"]
[EventRounds "9"]
[EventCountry "CRO"]
[Source "lmi"]
[SourceDate "2011.06.18"]

1. d4 d6 2. Nf3 g6 3. c4 Bg7 4. Nc3 Bg4 5. Ng5 h6 6. Nge4 c6 7. f3 Bc8 8. e3
Nd7 9. g4 Ngf6 10. Ng3 d5 11. h4 e5 12. h5 Qc7 13. Kf2 O-O 14. hxg6 fxg6 15.
Kg2 e4 16. f4 Nb6 17. c5 Bxg4 18. cxb6 Bf3+ 19. Kg1 axb6 20. Be2 Bxh1 21. Kxh1
g5 22. Kg2 h5 23. Bxh5 Qd7 24. f5 Nxh5 25. Qxh5 Rxf5 26. Nxf5 Qxf5 27. Bd2 Rf8
28. Qe2 c5 29. Rf1 Qe6 30. Rxf8+ Kxf8 31. Nb5 Kg8 32. Be1 Qd7 33. Bg3 Qc6 34.
a4 cxd4 35. exd4 Qc1 36. Bf2 Qf4 37. Nc3 Qf5 38. Be3 Bf6 39. Qf2 Qg4+ 40. Kf1
Qh3+ 41. Ke2 Bg7 42. Nxd5 Bxd4 43. Ne7+ 1-0

[Event "25. Open Pula 2011"]
[Site "Pula CRO"]
[Date "2011.06.23"]
[Round "7.6"]
[White "Tratar, Marko"]
[Black "Feletar, Darko"]
[Result "1/2-1/2"]
[WhiteElo "2489"]
[BlackElo "2377"]
[PlyCount "56"]
[EventDate "2011.06.18"]
[EventType "swiss"]
[EventRounds "9"]
[EventCountry "CRO"]
[Source "lmi"]
[SourceDate "2011.06.18"]

1. d4 Nf6 2. c4 e6 3. Nc3 c5 4. d5 exd5 5. cxd5 d6 6. Nf3 g6 7. Bf4 a6 8. a4
Bg7 9. h3 O-O 10. e3 Ne8 11. Be2 Nd7 12. O-O h6 13. Nd2 f5 14. Bg3 Qe7 15. Nc4
Rb8 16. a5 Kh8 17. Qd2 Ne5 18. Bxe5 Bxe5 19. Nxe5 Qxe5 20. f4 Qe7 21. Na4 Nf6
22. Bf3 Bd7 23. Nb6 Bb5 24. Rfe1 Rbe8 25. b4 cxb4 26. Qxb4 g5 27. Qd4 Kh7 28.
Rac1 Rf7 1/2-1/2

[Event "25. Open Pula 2011"]
[Site "Pula CRO"]
[Date "2011.06.23"]
[Round "7.7"]
[White "Mencinger, Vojko"]
[Black "Kovacevic, Blazimir"]
[Result "1-0"]
[WhiteElo "2399"]
[BlackElo "2474"]
[PlyCount "91"]
[EventDate "2011.06.18"]
[EventType "swiss"]
[EventRounds "9"]
[EventCountry "CRO"]
[Source "lmi"]
[SourceDate "2011.06.18"]

1. e4 e6 2. d4 d5 3. Nc3 Bb4 4. e5 c5 5. a3 Bxc3+ 6. bxc3 Qa5 7. Bd2 Qa4 8. Qb1
c4 9. h4 Nc6 10. h5 h6 11. Nh3 Bd7 12. Nf4 O-O-O 13. g3 Nge7 14. Bh3 Kb8 15.
O-O Rdf8 16. Re1 Bc8 17. Qc1 Ka8 18. Re2 Bd7 19. Qb2 Rc8 20. Kh2 Rc7 21. Rg1
Rcc8 22. Qc1 Nd8 23. g4 Rc6 24. g5 Ra6 25. gxh6 gxh6 26. Rg7 Qxa3 27. Qxa3 Rxa3
28. Ng6 Rg8 29. Rh7 fxg6 30. Rxe7 Ba4 31. Rxe6 Nxe6 32. Bxe6 Re8 33. Bxd5 gxh5
34. Bxc4 Rc8 35. Bf7 Bxc2 36. e6 Bb3 37. Bxh5 Ra2 38. e7 Ba4 39. f4 Be8 40. Bg4
Rc7 41. f5 a5 42. f6 a4 43. d5 Rc4 44. Be6 Rxc3 45. f7 Bxf7 46. Bxf7 1-0

[Event "25. Open Pula 2011"]
[Site "Pula CRO"]
[Date "2011.06.23"]
[Round "7.8"]
[White "Doric, Darko"]
[Black "Tomazini, Zan"]
[Result "1-0"]
[WhiteElo "2456"]
[BlackElo "2250"]
[PlyCount "87"]
[EventDate "2011.06.18"]
[EventType "swiss"]
[EventRounds "9"]
[EventCountry "CRO"]
[Source "lmi"]
[SourceDate "2011.06.18"]

1. d4 Nf6 2. c4 g6 3. Nc3 Bg7 4. e4 d6 5. f3 a6 6. Be3 c6 7. Qd2 b5 8. Rc1 Nbd7
9. Bd3 e5 10. d5 bxc4 11. Bxc4 Nb6 12. Bxb6 Qxb6 13. Na4 Qc7 14. dxc6 h5 15.
Rd1 Qxc6 16. Qxd6 Qxd6 17. Rxd6 Ke7 18. Rd3 Rb8 19. b3 Bd7 20. Nb2 Rhc8 21. Ne2
Bf8 22. Nc3 Ke8 23. Ke2 Bb5 24. Rc1 Nd7 25. Nxb5 axb5 26. Bxf7+ Ke7 27. Rxc8
Rxc8 28. Bxg6 Bh6 29. Rxd7+ Kf6 30. Rd6+ Kg7 31. Nd3 Rc2+ 32. Kf1 Rxa2 33. h4
Be3 34. g4 Ra1+ 35. Ke2 Bd4 36. Bf5 Ra2+ 37. Kf1 Ra1+ 38. Kg2 Rg1+ 39. Kh2 Rd1
40. Rd7+ Kf8 41. gxh5 Rxd3 42. h6 Rd2+ 43. Kh3 Be3 44. h7 1-0

[Event "25. Open Pula 2011"]
[Site "Pula CRO"]
[Date "2011.06.23"]
[Round "7.9"]
[White "Andersen, Lars Even"]
[Black "Zelcic, Robert"]
[Result "0-1"]
[WhiteElo "2288"]
[BlackElo "2557"]
[PlyCount "80"]
[EventDate "2011.06.18"]
[EventType "swiss"]
[EventRounds "9"]
[EventCountry "CRO"]
[Source "lmi"]
[SourceDate "2011.06.18"]

1. Nf3 Nf6 2. c4 e6 3. Nc3 d5 4. d4 Bb4 5. Qa4+ Nc6 6. Ne5 Bd7 7. Nxd7 Qxd7 8.
a3 Be7 9. e3 O-O 10. Be2 a6 11. O-O Rfd8 12. Qc2 dxc4 13. Bxc4 Bd6 14. Ne4 Nxe4
15. Qxe4 e5 16. Bd3 g6 17. d5 Ne7 18. b4 b5 19. Bb1 Re8 20. Bb2 Nc8 21. Qf3 Nb6
22. e4 a5 23. bxa5 Rxa5 24. Qb3 Rea8 25. f4 Qe7 26. fxe5 Bxe5 27. d6 cxd6 28.
Bxe5 dxe5 29. Bd3 b4 30. Rab1 Qa7 31. axb4 Ra3 32. Qc2 Rc8 33. Qd1 Rd8 34. Rb3
Nd5+ 35. Rf2 Nf4 36. Kf1 Rxd3 37. Rxd3 Nxd3 38. Rf3 Qd4 39. b5 Ra1 40. Rxd3
Rxd1+ 0-1

[Event "25. Open Pula 2011"]
[Site "Pula CRO"]
[Date "2011.06.23"]
[Round "7.10"]
[White "Zsinka, Laszlo"]
[Black "Popovic, Dusan"]
[Result "0-1"]
[WhiteElo "2285"]
[BlackElo "2553"]
[PlyCount "106"]
[EventDate "2011.06.18"]
[EventType "swiss"]
[EventRounds "9"]
[EventCountry "CRO"]
[Source "lmi"]
[SourceDate "2011.06.18"]

1. d4 Nf6 2. c4 g6 3. Nc3 Bg7 4. e4 d6 5. f3 O-O 6. Be3 e5 7. d5 Nh5 8. Qd2 f5
9. O-O-O Nd7 10. Bd3 Nc5 11. Bc2 a6 12. Nge2 b5 13. b4 Nd7 14. c5 a5 15. a3
axb4 16. axb4 dxc5 17. bxc5 b4 18. Na4 fxe4 19. fxe4 Ndf6 20. Bg5 Bg4 21. Rde1
Qb8 22. Qd3 Kh8 23. h3 Bxe2 24. Rxe2 Nd7 25. Rhe1 Ra5 26. Qc4 Qa8 27. c6 Ndf6
28. Qb3 Qa6 29. Bd3 Qa8 30. Bc2 Rb8 31. Rd1 Ne8 32. g4 Nhf6 33. Rf1 Ng8 34. Rf7
Nd6 35. Rxc7 Nb5 36. Rb7 Nd4 37. Qxb4 Rb5 38. Rxb8 Rxb8 39. Qc4 Nxe2+ 40. Qxe2
Bf8 41. Qf3 Kg7 42. Qc3 Bd6 43. Bf4 Re8 44. Be3 Nf6 45. Nb6 Qa6 46. c7 Qf1+ 47.
Kb2 Qb5+ 48. Ka2 Qa6+ 49. Ba4 Qe2+ 50. Kb3 Nxe4 51. Bxe8 Nxc3 52. c8=Q Qxe3 53.
Nc4 Qd3 0-1

[Event "25. Open Pula 2011"]
[Site "Pula CRO"]
[Date "2011.06.23"]
[Round "7.11"]
[White "Maleki, Manuel"]
[Black "Saric, Ante"]
[Result "1/2-1/2"]
[WhiteElo "2261"]
[BlackElo "2489"]
[PlyCount "130"]
[EventDate "2011.06.18"]
[EventType "swiss"]
[EventRounds "9"]
[EventCountry "CRO"]
[Source "lmi"]
[SourceDate "2011.06.18"]

1. Nf3 Nf6 2. c4 e6 3. Nc3 d5 4. d4 dxc4 5. e3 a6 6. Bxc4 b5 7. Be2 Bb7 8. O-O
Nbd7 9. a4 b4 10. Nb1 c5 11. Nbd2 Be7 12. a5 O-O 13. Nc4 Ne4 14. Bd3 Rc8 15.
Qe2 Qc7 16. Nfe5 Nb8 17. b3 f6 18. Nf3 Nc3 19. Qc2 Bxf3 20. gxf3 f5 21. dxc5
Bxc5 22. Bb2 Qb7 23. Bxc3 bxc3 24. Be2 Bb4 25. Rfd1 Rcd8 26. Rxd8 Rxd8 27. Rd1
Rxd1+ 28. Qxd1 Qd7 29. Kf1 Qxd1+ 30. Bxd1 Nc6 31. Ke2 Nxa5 32. Nxa5 Bxa5 33.
Kd3 Bb4 34. Kd4 g5 35. Ke5 Kf7 36. f4 gxf4 37. exf4 Bc5 38. f3 Ke7 39. h3 a5
40. Bc2 Be3 41. Bb1 Kf7 42. Bd3 Bf2 43. Bc2 Ke7 44. Bb1 h6 45. Bd3 Bc5 46. Bb1
Ba7 47. Bd3 Kf7 48. Bb1 Be3 49. Bd3 Ke7 50. Bb1 h5 51. Bd3 Bb6 52. Bb1 Ba7 53.
Bc2 h4 54. Bb1 Bb8+ 55. Kd4 Bxf4 56. Kxc3 Kf6 57. Kd4 Bc7 58. Bd3 Bb6+ 59. Kc3
Kg5 60. Bc4 e5 61. Be6 Kf4 62. Kd3 Ba7 63. Bd7 e4+ 64. fxe4 fxe4+ 65. Ke2 Bc5
1/2-1/2

[Event "25. Open Pula 2011"]
[Site "Pula CRO"]
[Date "2011.06.23"]
[Round "7.13"]
[White "Fercec, Nenad"]
[Black "Havas, Ladislav"]
[Result "1-0"]
[WhiteElo "2453"]
[BlackElo "2280"]
[PlyCount "131"]
[EventDate "2011.06.18"]
[EventType "swiss"]
[EventRounds "9"]
[EventCountry "CRO"]
[Source "lmi"]
[SourceDate "2011.06.18"]

1. e4 c5 2. Nf3 d6 3. d4 cxd4 4. Nxd4 Nf6 5. Nc3 g6 6. Be3 Bg7 7. f3 O-O 8. Qd2
Nc6 9. O-O-O d5 10. Qe1 e5 11. Nxc6 bxc6 12. exd5 Nxd5 13. Bc4 Be6 14. Ne4 Qc7
15. Bc5 Rfd8 16. g4 Nf4 17. Bxe6 Rxd1+ 18. Qxd1 Nxe6 19. Qd6 Qxd6 20. Bxd6 Nd4
21. g5 Nxf3 22. h4 Nd4 23. c3 Nf5 24. Bc5 h5 25. Bf2 Rd8 26. Kc2 a5 27. a4 Kf8
28. Bb6 Ra8 29. Kd3 Ke7 30. Kc4 Bf8 31. Bc7 Ke6 32. Nc5+ Bxc5 33. Kxc5 Ra6 34.
Rf1 e4 35. Re1 Kd7 36. Bb6 Nxh4 37. Rxe4 Nf3 38. Re3 Nxg5 39. Rd3+ Ke6 40. Kxc6
Ra8 41. Kb7 Rh8 42. Bxa5 h4 43. Bc7 Ne4 44. b4 h3 45. Bh2 g5 46. a5 g4 47. a6
g3 48. Rxg3 Nxg3 49. Bxg3 h2 50. Bxh2 Rxh2 51. a7 Ra2 52. a8=Q Rxa8 53. Kxa8 f5
54. b5 f4 55. b6 f3 56. b7 f2 57. b8=Q f1=Q 58. Qb4 Qa6+ 59. Kb8 Kd5 60. Qd4+
Ke6 61. Kc7 Qa5+ 62. Qb6+ Qxb6+ 63. Kxb6 Kd5 64. Kb5 Kd6 65. c4 Kc7 66. Kc5 1-0